000 00894nam a22002177a 4500
008 260627b mx ||||gr|||| 00| 0 spa d
020 _a970 - 35 - 0610 - 0
040 _bspa
082 0 4 _a372.423
_bC64
100 _9COLASANTI, MARINA
_cMARTÍN, ANDREU
245 _aUNA EDAD A FLOR DE PIEL
_b¿POR QUÉ LITERATURA PARA ADOLESCENTES? CONFERENCIA PARA UN RELATO EJEMPLAR
260 _aMÉXICO
_bCONSEJO NACIONAL PARA LA CULTURA Y LAS ARTES
_c2004
300 _a53 páginas
_c21 cm x 13.5 cm
336 _2rdacontent
_atexto
_btxt
337 _2rdamedia
_asin mediación
_bn
338 _2rdacarrier
_avolumen
_bnc
490 0 _aVOL. 11
505 _aSe defiende la importancia de escribir para jóvenes desde la experiencia vital y rechazan la idea de que la literatura juvenil sea un género menor.
650 _aCIENCIAS SOCIALES
_vEDUCACIÓN
_xEDUCACIÓN PRIMARIA
942 _2ddc
_cGENERAL
999 _c68705
_d68705